000
00223 a2200097 4500
001
30563
100
_a
Dow
245
_a
Learning to Teach Teaching to learn
260
_a
_b
Routledge & Kegan Paul
_c
090
_c
20493
_d
20493
942
_a
NUST-CAE
_c
M
_c
11662
999
_c
265636
_d
265636